Conclusions dels grups de treball del Congrés sobre Consum en l'Àmbit Local : Igualada, 24 i 25 de novembre de 1994 Igualada, 24 i 25 de novembre de 1994
ISBN:
84-7794-361-3
Descripción Física:
18 p. ; 21 cm
Colección:
Consum ; 5
MARC
| LEADER | 00000nam a2200000Ia 4500 | ||
|---|---|---|---|
| 001 | 17825 | ||
| 008 | 160829s1995 xx 000 0 cat d | ||
| 020 | |a 84-7794-361-3 | ||
| 080 | |a FU-15-15 | ||
| 100 | |a Congrés sobre Consum en l'Àmbit Local (Igualada : 1994) |9 23209 | ||
| 245 | |a Conclusions dels grups de treball del Congrés sobre Consum en l'Àmbit Local : |b Igualada, 24 i 25 de novembre de 1994 | ||
| 260 | |a Barcelona : |b Diputació de Barcelona. Servei de Salut Pública i Consum, |c 1995 | ||
| 300 | |a 18 p. ; |c 21 cm | ||
| 490 | |a Consum ; 5 | ||
| 650 | |a Consum (Economia) |9 43771 | ||
| 650 | |a Consumidors |9 23211 | ||
| 710 | |a Barcelona (Catalunya : Província). |b Servei de Salut Pública i Consum |9 8151 | ||
| 901 | |a Arxiu | ||
| 942 | |n 1 | ||
| 952 | |0 0 |1 0 |4 0 |6 FU1515 |7 1 |9 42618 |a Arxiu |b Arxiu |d 2016-12-01 |l 0 |o FU-15-15 |p 17825 |r 2016-12-01 00:00:00 |w 2016-12-01 |y ARXIU | ||
| 999 | |c 45123 |d 45123 | ||